000 00461nab a2200145Ia 4500
003 ES-SlBCS
005 20210601134838.0
008 140529s1951 xxu||||| |||| 00| 0 spa d
041 _aspa
100 1 _aCarande, Ramón
_d, 1887-1986
_9224099
245 0 0 _aGobernantes y gobernados en la hacienda de Castilla (1536-1556)
_c Ramón Carande
651 4 _aCastilla-Siglo XVI
_9224100
773 0 _tArbor
_gvol. 18, nº. 62, 1951, págs. 187-209
_wRev54
942 _cAR
999 _c618834
_d618834